=LDR 00000nam 2200000 4500 =001 INLIS000000000034907 =005 20250325091603 =035 ##$$a 0010-061300000034907 =008 250325################g##########0#ind## =041 ##$$a ind =082 ##$$a F Rom k =090 ##$$a F Rom k, Kel k =245 1#$$a KELINCI yang sombong, /$c Penerjemah, Lala Herawati Dharma ; edditor, Agus Salim =260 ##$$a Bandung :$b Nuansa,$c 2008 =300 ##$$a 81 hlm : $b Ilus ; $c 21 cm =650 #4$$a Fiksi kanak-kanak =700 #$$a Dharma, Lala Herawati =850 ##$$a NBPNMAT =084 ##$$a F Rom k KEL k =020 ##$$a 978-602-8023-17-7 =100 #$$a Penerjemah, Lala Herawati Dharma ; edditor, Agus Salim =990 ##$$a 21010818 =990 ##$$a 21010819 =990 ##$$a 03670367 =990 ##$$a 03670367 =990 ##$$a 21010820 =990 ##$$a 21010820 =990 ##$$a 21010819 =990 ##$$a 21010819 =990 ##$$a 1202500366 =990 ##$$a 1202500366